00428nam a2200169Ia 450000500170000000800410001702000180005804000190007604100120009508200130010710000200012024500450014026000230018530000200020865000200022885000100024820240415100424.0131103s9999 xx 000 0 und d a0 7135 2399 9 aLoreto College aEnglish a425bJOH aJohnson, Capper aFirst certificate skillscCapper Johnson aLondonbBellc1977 aiv,116p.b ill. aEnglish grammar aLCBED